Personnages de fiction en images #1 - Statistiques

Statistiques générales
  • Ce quiz a été pris 474 fois
  • Le résultat moyen est 27 sur 40
Statistiques - réponses
Par images Hint Réponse % Correct
Star Wars Dark Vador
98%
Super Mario Luigi
98%
Mulan
95%
Tarzan
95%
Les Simpson Marge Simpson
93%
Le Monde de Némo Dory
92%
Barbie Ken
90%
La Bête
90%
Mary Poppins
90%
Mr Bean
89%
Tintin Milou
88%
Le Roi Lion Mufasa
88%
Aquaman
87%
Les Gardiens de la Galaxie Groot
87%
WALL-E
87%
La famille Addams Mercredi Addams
86%
Ben 10
85%
Moi, moche et méchant Gru
81%
Toy Story M. Patate
81%
Scooby-Doo Sammy Rogers
81%
Bambi Panpan
76%
The Legend of Zelda Link
75%
Harry Potter Luna Lovegood
75%
Grand Schtroumpf
73%
Woody Woodpecker
67%
Fantômas
61%
Breaking Bad Walter White
61%
Naruto Sasuke Uchiwa
56%
Le Seigneur des anneaux Aragorn
50%
Astérix Abraracourcix
44%
Dexter Morgan
39%
Game of Thrones Cersei Lannister
38%
Columbo
37%
Demon Slayer Tanjirō Kamado
35%
The Walking Dead Daryl Dixon
32%
Sex Education Maeve Wiley
28%
Psychose Norman Bates
24%
South Park Stan Marsh
22%
Futurama Turanga Leela
11%
Snoopy et les Peanuts Lucy van Pelt
3%
Aucun quiz correspondant
Distribution des résultats
% des personnes avec chaque résultat
Percentile par nombre de réponses
Votre historique - résultats
Vous n’avez pas pris ce quiz